Which of the Two...? (And It's Not Even Close) Quiz Stats

 Plays Quiz Updated Jul 4, 2017

Support Sporcle.
Go Orange.
Score 0/20 Timer 05:00
1 Play Today
Question Answer Wrong Answers
Which of the two structures is taller? (443m vs. 93m) The Empire State Building
94.1%
The Statue of Liberty
5.9%
Which of the two television shows ran for more seasons? (15 vs. 6) ER
91.9%
Chicago Hope
7.9%
Which of the two countries is more populous? (263,000,000 vs. 32,000,000) Indonesia
80.9%
Malaysia
15.5%
Which of the two Harry Potter characters is mentioned more? (2024 mentions vs. 810) Hagrid
78.4%
Neville
18.2%
Which of the two movies had a higher worldwide gross? ($1,341 million vs. $653 million) Harry Potter and the Deathly Hallows: Part 2
77.8%
The Hunger Games: Mockingjay - Part 2
17.4%
Which of the two tennis players won more titles at Wimbledon? (9 vs. 3) Martina Navratilova
77.1%
Chris Evert
20.1%
Which of the two areas in the human body has more bones? (27 vs. 3) Hand
75%
Ear
22%
Which of the two kings reigned for longer? (13,795 days vs. 3,450) Henry VIII
72.2%
Henry V
26.4%
Which of the two airlines has more planes in its active mainline fleet? (952 vs. 273) American Airlines
67.8%
British Airways
27.8%
Which of the two words came into the English language first? (~1500 vs. 1925) Elevate
66.8%
Escalate
30%
Which of the two rivers is longer? (4200 km vs. 2600 km) Niger
65.7%
Zambezi
33.3%
Which of the two musicians has more #1 Billboard singles in the United States? (14 vs. 4) Rihanna
65.6%
Adele
30.7%
Which of the two languages has more native speakers worldwide? (150 million vs. 76 million) Russian
63.3%
Vietnamese
32.4%
Which of the two cities is at a higher latitude? (42 N vs. 19 N) Rome
62.4%
Mumbai
35.9%
Which of the two wars began first? (1337 vs. 1618) The Hundred Years' War
62.1%
The Thirty Years' War
37.4%
Which of the two actors has more Oscar nominations? (12 vs. 5) Jack Nicholson
61.2%
Daniel Day-Lewis
36.8%
Which of the two MLB baseball players hit more career home runs? (586 vs. 137) Frank Robinson
44.3%
Jackie Robinson
51.8%
Which of the two flight pairs is longer in mileage? (3324 mi vs. 1584 mi) Tokyo to Singapore
39.8%
London to Moscow
57.7%
Which of the two Shakespeare plays has a higher word count? (29,278 vs. 17,121) Richard III
39%
Macbeth
56.9%
Which of the two US Presidents won a higher percentage of the popular vote? (61% vs. 43%) Lyndon Johnson in 1964
38.5%
Bill Clinton in 1992
56.8%

You're not logged in!

Compare scores with friends on all Sporcle quizzes.
OR
Log In
Forgot?

From the Vault

Impact World Heavyweight Champions

by Martin

This is the most elaborate belt ever.
Remove Ads.
Support Sporcle.
Get the best of Sporcle when you Go Orange. This ad-free experience offers more features, more stats, and more fun while also helping to support Sporcle. Thank you for becoming a member.

Show Comments

Extras

Top Quizzes Today


Score Distribution

Your Account Isn't Verified!

In order to create a playlist on Sporcle, you need to verify the email address you used during registration. Go to your Sporcle Settings to finish the process.

Report this User

Report this user for behavior that violates our Community Guidelines.

Details: